zpět

Detail výsledku týmu

Bar 12 opic, Prostějov

Datum a čas kvízu

23.5 Celkem bodů Celkový počet nahraných bodů na tomto kvízu bez doplňovacích otázek.
8. Pořadí na kvízu Konečné umístění týmu na tomto kvízu.

Zaznamenané odpovědi

# Otázka Odpověď Body Výsledky
1. Mobilní aplikace Tečka prošla... v modré 1
2. Britský vědec Michael Yeadon o... Pouze pro osoby neočkované proti koronaviru. 0
3. Televize Nova představila minu... Ondřej Sokol 1
4. Jedna úspěšná česká softwarová... Avast 0
5. Jak se jmenuje česká tenistka,... Markéta Vondroušová 0
6. V následujících otázkách se po... lilek 0
7. Jak se jmenuje italský dezert... affogato 0
8. Obě nejzákladnější pizzy, tedy... Neapol 1
9. Na severu Itálie se v kuchyni... polenta 1
10. Napište název tradičních mandl... cantuccini/cantuccio 0